| 000 | 00894cam a22002531 4500 | ||
|---|---|---|---|
| 001 | 22834 | ||
| 003 | BD-RjUL | ||
| 005 | 20211209000847.0 | ||
| 008 | 140309s1944 enk 000 0 eng | ||
| 035 | _a(BD-RjUL)22899 | ||
| 040 |
_aDLC _cMB _dDLC _dBD-RjUL _beng |
||
| 041 | 1 | _aengara | |
| 082 | 0 | 0 |
_a892.7082 _bHOI 1944 |
| 100 | 1 |
_aHowarth, Herbert, _d1900- _953981 |
|
| 245 | 1 | 0 |
_aImages from the Arab world : _cby Herbert Howarth and Ibrahim Shukrallah. _bfragments of Arab literature translated and paraphrased with variations and comments / |
| 260 |
_aLondon, _bThe Pilot press ltd. _c[1944] |
||
| 300 |
_axvi, 17-143 p. ; _c24 cm. |
||
| 500 | _a"First published September, 1944." | ||
| 650 | 0 |
_aArabic literature _xTranslations into English. _970403 |
|
| 700 | 1 |
_aShukrallah, Ibrahim, _ejoint ed. and tr. _970404 |
|
| 942 |
_2ddc _cBK |
||
| 999 |
_c22834 _d22834 |
||